000
00305 a2200157 4500
001
162015
020
_a
040
_c
Magnum
100
_a
S/ Autor
240
1
0
_a
Documento de estudo
_l
por
245
1
0
_a
Documento de estudo
362
0
_a
1899
440
1
_a
Loyola
697
_a
ENSINO
942
_c
BK
999
_c
162015
_d
162015